Đề thi Olympic hóa học quốc tế năm 1968-1988 The competition problems from the International Chemistry Olympiads. Volume 1: 1st-20th icho 1968-1988

Đã lưu trong:
Sonraí Bibleagrafaíochta
Údar Corparáideach: International Chemistry Olympiad
Údair Eile: Sirota, Anton (Eagarthóir)
Formáid: Leabhar
Teanga:Vietnamese
English
Foilsithe: Bratislava IUVENTA 2008
Ábhair:
Clibeanna: Cuir Clib Leis
Gan Chlibeanna, Bí ar an gcéad duine leis an taifead seo a chlibeáil!
Thư viện lưu trữ: Trung tâm Học liệu Lê Vũ Hùng, Trường Đại học Đồng Tháp
LEADER 00832pam a22002418a 4500
001 00043941
005 20190403160445.0
008 110729s1999 ||||||viesd
020 # # |c 49000  |a 978 80 8072 082 7 
041 0 # |a eng 
082 1 4 |b Đ250TH  |a 540.76 
110 1 # |a International Chemistry Olympiad 
245 1 0 |a Đề thi Olympic hóa học quốc tế năm 1968-1988  |b The competition problems from the International Chemistry Olympiads. Volume 1: 1st-20th icho 1968-1988 
260 # # |c 2008  |a Bratislava  |b IUVENTA 
300 # # |c 27 cm.  |a 404 tr 
653 # # |a Bài Tập 
653 # # |a Hóa học 
653 # # |a Olympic 
653 # # |a Đề thi 
700 1 # |e Editor  |a Sirota, Anton 
852 # # |j KD.0025213 
910 0 # |d 3/4/2019 
980 # # |a Trung tâm Học liệu Lê Vũ Hùng, Trường Đại học Đồng Tháp